Name the Author (British & Irish Literature) 🇬🇧 🇮🇪 - Statistics

General Stats
  • This quiz has been taken 1,138 times
    139 since last reset
  • The average score is 28 of 58
Answer Stats
Work Author % Correct
Macbeth William Shakespeare
95%
Frankenstein Mary Shelley
94%
Murder on the Orient Express Agatha Christie
90%
Jane Eyre Charlotte Brontë
88%
Wuthering Heights Emily Brontë
88%
Animal Farm George Orwell
88%
Dracula Bram Stoker
87%
The Canterbury Tales Geoffrey Chaucer
84%
Sense and Sensibility Jane Austen
84%
A Tale of Two Cities Charles Dickens
83%
Alice's Adventures in Wonderland Lewis Carroll
81%
The Jungle Book Rudyard Kipling
80%
The Chronicles of Narnia C.S. Lewis
79%
Gulliver's Travels Jonathan Swift
79%
Brave New World Aldous Huxley
76%
Robinson Crusoe Daniel Defoe
74%
Heart of Darkness Joseph Conrad
72%
Tess of the d'Urbevilles Thomas Hardy
71%
Lord of the Flies William Golding
69%
Paradise Lost (Poem) John Milton
68%
Waiting for Godot Samuel Beckett
67%
A Study in Scarlet Arthur Conan Doyle
64%
Finnegans Wake James Joyce
63%
Pygmalion George Bernard Shaw
61%
Ivanhoe Walter Scott
61%
The Silmarillion J.R.R. Tolkien
59%
The Strange Case of Dr. Jekyll and Mr. Hyde Robert Louis Stevenson
57%
The Hitchhiker's Guide to the Galaxy Douglas Adams
56%
The Rime of the Ancient Mariner (Poem) Samuel Taylor Coleridge
51%
Agnes Grey, a Novel Anne Brontë
50%
Peter Pan J.M. Barrie
50%
Brideshead Revisited: The Sacred & Profane Memories of Captain Charles Ryder Evelyn Waugh
48%
Don Juan (Poem) Lord Byron | George Gordon Byron
48%
Atonement Ian McEwan
45%
Silas Marner: The Weaver of Raveloe George Eliot | Mary Ann Evans
35%
Normal People Sally Rooney
35%
Tam o' Shanter (Poem) Robert Burns
34%
The Waves Virginia Woolf
32%
Songs of Innocence and of Experience William Blake
32%
Doctor Faustus Christopher Marlowe
26%
Endymion (Poem) John Keats
25%
Guide to the Lakes William Wordsworth
23%
Idylls of the King (Poem) Alfred Lord Tennyson
21%
The Code of the Woosters P.G. Wodehouse
21%
The Life and Opinions of Tristram Shandy, Gentleman Laurence Sterne
20%
De Profundis Oscar Wilde
19%
The Hollow Men (Poem) T.S. Eliot
19%
The Vicar of Wakefield Oliver Goldsmith
14%
My Last Duchess (Poem) Robert Browning
13%
Borstal Boy Brendan Behan
9%
Brooklyn Colm Tóibín
9%
Gaudy Night Dorothy L. Sayers
9%
The Country Girls Edna O'Brien
8%
Light a Penny Candle Maeve Binchy
7%
The Way We Live Now Anthony Trollope
6%
The Pursuit of Love Nancy Mitford
6%
The Tower W. B. Yeats
5%
Good Behaviour Molly Keane
3%
No matching quizzes found
Score Distribution
Percent of People with Each Score
Percentile by Number Answered
Your Score History
You have not taken this quiz since the last reset